Score 0/6 Timer 01:30
0 Plays Today
Dex No. Answer % Correct
#002 | Gen 1Ivysaur
98.1%
#174 | Gen 2Igglybuff
85.5%
#314 | Gen 3Illumise
77.5%
#727 | Gen 7Incineroar
71.7%
#686 | Gen 6Inkay
71.7%
#392 | Gen 4Infernape
70.9%
Remove Ads.
Support Sporcle.
Get the best of Sporcle when you Go Orange. This ad-free experience offers more features, more stats, and more fun while also helping to support Sporcle. Thank you for becoming a member.

You're not logged in!

Compare scores with friends on all Sporcle quizzes.
OR
Log In

Show Comments

Extras

Top Quizzes Today


Score Distribution

Your Account Isn't Verified!

In order to create a playlist on Sporcle, you need to verify the email address you used during registration. Go to your Sporcle Settings to finish the process.

Report this User

Report this user for behavior that violates our Community Guidelines.

Details: